000 01150cam a2200241 4500
001 WB3743-30
008 011114n2001 000 0 eng u
035 _a(Sirsi) u115591
245 _aAerial manoeuvres
260 _c2001
490 _aEstates Gazette
_v(0145) 10 November 2001, 137(1)
520 _aDiscusses "Farley v Skinner" in which HL upheld the client's claim for damages for distress against a chartered surveyor for failing to carry out agreed 'extra' investigations into whether the house which the client was considering purchasing would be affected by aircraft noise. Highlights the extent of a surveyor's responsibility to his client. Judgement available at http://www.parliament.the-stationery-office.co.uk/pa/ld200102/ldjudgmt/jd011011/farley-1.htm.
590 _aWB
650 _aFARLEY V SKINNER
650 _aDAMAGES
650 _aAIRCRAFT NOISE
650 _aNEGLIGENCE
650 _aDISTRESS
650 _aINCONVENIENCE
690 _aMANAGEMENT-BUSINESS MANAGEMENT-PROFESSIONAL PRACTICE
856 _uhttps://www.parliament.the-stationery-office.co.uk/pa/ld200102/ldjudgmt/jd011011/farley-1.htm
942 _n0
999 _c68842
_d68842